000
00436nam a2200169Ia 4500
008
090711s9999 xx 000 0 und d
082
_b
47278
100
_a
कदम के. ब.
245
_a
संत समागम
260
_c
1975
300
_a
63
600
_a
कदम के. ब.
630
_a
संत समागम
700
_a
कदम के. ब.
730
_a
संत समागम
942
_c
BOOK
999
_c
332853
_d
332853